The superhistorians : Makers of our past
The book explores the major question each superhistorian posed about history and explains each one's contribution to historical thinking. Thius book also tells about their lives and provides an overview of the times in which they lived.
Spremljeno u:
| Glavni autor: | |
|---|---|
| Format: | Knjiga |
| Jezik: | Undetermined |
| Izdano: |
New York
Charles Scribner's Sons
1982
|
| Teme: | |
| Oznake: |
Dodaj oznaku
Bez oznaka, Budi prvi tko označuje ovaj zapis!
|
| Thư viện lưu trữ: | Trung tâm Học liệu Trường Đại học Cần Thơ |
|---|
| LEADER | 00785nam a2200217Ia 4500 | ||
|---|---|---|---|
| 001 | CTU_40847 | ||
| 008 | 210402s9999 xx 000 0 und d | ||
| 082 | |a 907.2 | ||
| 082 | |b B255 | ||
| 100 | |a Barker, John | ||
| 245 | 4 | |a The superhistorians : | |
| 245 | 0 | |b Makers of our past | |
| 245 | 0 | |c John Barker | |
| 260 | |a New York | ||
| 260 | |b Charles Scribner's Sons | ||
| 260 | |c 1982 | ||
| 520 | |a The book explores the major question each superhistorian posed about history and explains each one's contribution to historical thinking. Thius book also tells about their lives and provides an overview of the times in which they lived. | ||
| 650 | |a Historians,Historiography | ||
| 650 | |x Biography | ||
| 904 | |i Minh | ||
| 980 | |a Trung tâm Học liệu Trường Đại học Cần Thơ | ||